Stati per tasso di natalità - Europa - Statistics

Statistiche generali
  • Questo quiz è stato fatto 7 volte
  • Il punteggio medio è 6 su 10
Statistiche sulle risposte
Tasso di natalità (nati / 1000 abitanti) Nazione % Corretto
10,86 Belgio
86%
11,56 Francia
86%
12,48 Albania
71%
10,98 Paesi Bassi
71%
12,08 Irlanda
57%
11,59 Lussemburgo
57%
11,89 Norvegia
57%
11,25 Danimarca
43%
12,80 Islanda
29%
11,04 Montenegro
29%
Nessun quiz corrispondente trovato
Distribuzione punteggi
Percentuale di utenti per punteggio
Percentile per numero di risposta
I tuoi punteggi nel tempo
Non hai fatto questo quiz